000 00798nas a2200277 4500
001 BR2015006176
003 BR-BrBNA
005 20231205125832.0
007 ta
008 230509b bl.|||p| |||| 00| 00por d
040 _aBR-BrBNA
_bpor
_cBiblioteca Nacional de Agricultura
041 _a(Pt)
072 _aF63
100 1 _aKvitschal, M.V.
100 1 _aDenardi, F.
100 1 _aSchuh, F.S.
100 1 _aManenti, D.C.
245 1 _aPlantas polinizadoras para o cultivar de macieira Daiane
650 _aMAÇA
650 _aMALUS DOMESTICA
650 _aPOLINIZAÇÃO
650 _aSELEÇÃO
773 0 _tAgropecuária Catarinense (Brazil)
_xISSN 0103-0779
_g(Mar- Jul 2015), v. 28(1) p. 48-51
_wBR2015006176
909 _a202311
_bLúcia
_c55
_dLúcia Elande
942 _2AGRIS
_n0
_cANA
999 _c246421
_d246421